<?xml version="1.0" encoding="UTF-8"?>
<marc:record xmlns:marc="http://www.loc.gov/MARC21/slim">
   <marc:leader>00000nam a2200000 a 4500</marc:leader>
   <marc:datafield ind1="1" ind2=" " tag="100">
      <marc:subfield code="a">Minichmayr, Birgit</marc:subfield>
   </marc:datafield>
   <marc:datafield ind1="1" ind2=" " tag="100">
      <marc:subfield code="a">Gedeck, Martina</marc:subfield>
   </marc:datafield>
   <marc:datafield ind1="1" ind2=" " tag="100">
      <marc:subfield code="a">Brandauer, Klaus Maria</marc:subfield>
   </marc:datafield>
   <marc:datafield ind1="1" ind2=" " tag="100">
      <marc:subfield code="a">Leytner, Nikolaus</marc:subfield>
   </marc:datafield>
   <marc:datafield ind1="0" ind2="0" tag="245">
      <marc:subfield code="a">Die Auslöschung [Bildtonträger]</marc:subfield>
   </marc:datafield>
   <marc:datafield ind1="0" ind2="0" tag="245">
      <marc:subfield code="c">Regie: Nikolaus Leytner. Mit Klaus Maria Brandauer, Martina Gedeck, Birgit Minichmayr ...</marc:subfield>
   </marc:datafield>
   <marc:datafield ind1=" " ind2="1" tag="264">
      <marc:subfield code="b">MCP Sound &amp; Media GmbH</marc:subfield>
      <marc:subfield code="c">2018</marc:subfield>
   </marc:datafield>
   <marc:datafield ind1="1" ind2=" " tag="520">
      <marc:subfield code="a">Als Judith Fuhrmann den Kunsthistoriker Ernst Lemden kennenlernt, erobert der scharfsinnige Intellektuelle ihr Herz mit Witz und Wortgewandtheit im Sturm. Zunächst scheint alles perfekt. Kurze Zeit später ziehen beide zusammen und planen ein gemeinsames Leben. Doch Ernst verändert sich zunehmend. Er zieht sich immer mehr in sich zurück und wirkt zerstreut. Anders als früher muss er nicht mehr jedes Gespräch dominieren, hat seinen fast zwanghaften Hang zum Widerspruch verloren. Judith beginnt sich Sorgen zu machen. Ernst lässt sich untersuchen. Die Diagnose ist niederschmetternd: Alzheimer. Noch wiegt dieses Wort schwerer als die Symptome, die er hat. Doch unaufhaltsam nistet sich die tückische Krankheit ein, ganz sachte, unaufgeregt, aber irgendwann nicht mehr zu verbergen. Ernst stellt sich seiner Krankheit und beginnt zu recherchieren. Seine Tochter Katja und ganz besonders sein Sohn Theo, für die Ernst ihr Leben lang eine starke und autoritäre Vaterfigur war, sind mit der Situation völlig überfordert. Allmählich bemerkt Ernst den Verfall immer mehr. In der Gewissheit, dass er nicht allein ist, konfrontiert er sich mit den Konsequenzen.</marc:subfield>
   </marc:datafield>
   <marc:datafield ind1=" " ind2=" " tag="020">
      <marc:subfield code="a">9002986633372</marc:subfield>
      <marc:subfield code="9">9002986633372</marc:subfield>
   </marc:datafield>
   <marc:datafield ind1=" " ind2=" " tag="500">
      <marc:subfield code="a">Orig. : Österreich 2013. Sprache: Deutsch (Dolby Digital 2.0)</marc:subfield>
   </marc:datafield>
   <marc:datafield ind1="0" ind2=" " tag="490">
      <marc:subfield code="v">0</marc:subfield>
   </marc:datafield>
   <marc:datafield ind1=" " ind2=" " tag="300">
      <marc:subfield code="a">1 DVD (88 Min.) : farbig</marc:subfield>
   </marc:datafield>
</marc:record>
